ARRUPE JESUIT UNIVERSITY

CORONAVIRUS -STOP THE SPREAD - CLEAN,DISINFECT,COVER

Lectio Divina (Record no. 9879)

MARC details
000 -LEADER
fixed length control field 00664nam a2200253Ia 4500
003 - CONTROL NUMBER IDENTIFIER
control field 0100
008 - FIXED-LENGTH DATA ELEMENTS--GENERAL INFORMATION
fixed length control field 130303s9999 xx 000 0 und d
020 ## - INTERNATIONAL STANDARD BOOK NUMBER
International Standard Book Number 824517792
040 ## - CATALOGING SOURCE
Transcribing agency ARRUPELIB
050 ## - LIBRARY OF CONGRESS CALL NUMBER
Classification number BS617.P441998
300 ## - PHYSICAL DESCRIPTION
Other physical details 164p. 20cm.
100 ## - MAIN ENTRY--PERSONAL NAME
Personal name Pennington, M. Basil
245 ## - TITLE STATEMENT
Title Lectio Divina
245 ## - TITLE STATEMENT
Remainder of title renewing the ancient practice of praying the scriptures
260 ## - PUBLICATION, DISTRIBUTION, ETC. (IMPRINT)
Place of publication, distribution, etc New York
260 ## - PUBLICATION, DISTRIBUTION, ETC. (IMPRINT)
Name of publisher, distributor, etc Crossroad Pub.
260 ## - PUBLICATION, DISTRIBUTION, ETC. (IMPRINT)
-- 1998
300 ## - PHYSICAL DESCRIPTION
Extent xiv
650 ## - SUBJECT ADDED ENTRY--TOPICAL TERM
Topical term following geographic name as entry element Freire, Paulo, 1921-
650 ## - SUBJECT ADDED ENTRY--TOPICAL TERM
Location of event Popular education-Philosophy
650 ## - SUBJECT ADDED ENTRY--TOPICAL TERM
Active dates Education-Social aspects-Latin America
700 ## - ADDED ENTRY--PERSONAL NAME
Personal name M. Basil Pennington
942 00 - ADDED ENTRY ELEMENTS (KOHA)
Koha issues (borrowed), all copies 2
Holdings
Withdrawn status Lost status Source of classification or shelving scheme Damaged status Not for loan Collection code Home library Current library Date acquired Total Checkouts Full call number Barcode Date last seen Copy number Price effective from Koha item type Date checked out
    Library of Congress Classification     Main Collection ARRUPE LIBRARY ARRUPE LIBRARY 04/03/2013   BS617.P441998 46500009074 07/12/2016 1 04/03/2013 Monograph ( Printed materials)  
    Library of Congress Classification     Main Collection ARRUPE LIBRARY ARRUPE LIBRARY 04/03/2013 2 BS617.P441998 46500009073 07/12/2016 2 04/03/2013 Monograph ( Printed materials) 24/02/2015

 

Arrupe Library. PO Box MP320 Mt Pleasant, Harare, Zimbabwe
263 242 745411|librarian@aju.ac.zw